| 000 | 00759nam a2200241Ia 4500 | ||
|---|---|---|---|
| 003 | OSt | ||
| 005 | 20221005112946.0 | ||
| 006 | a|||||r|||| 00| 0 | ||
| 007 | ta | ||
| 008 | 221004b |||||||| |||| 00| 0 pan d | ||
| 020 |
_a817599116X (hbk) _c425 |
||
| 024 | _a94678 | ||
| 037 |
_b72878, 31/12/2008, Arsee Publishers _cTextual |
||
| 040 |
_aCRL _cCRL _bpan |
||
| 041 |
_2pan _apan |
||
| 082 | _aO153,6N26x, P2 | ||
| 100 | _aਪੁਰੀ, ਕੈਲਾ | ||
| 245 | 0 | _aਮੇਰੀ ਵਾਰਤਕ | |
| 260 |
_aਦਿੱਲੀ _bਨਵਯੁਗ ਭਾਰਤ _c2002 |
||
| 300 |
_a787ਪੰ _ccm. |
||
| 942 |
_hO153,6N26x, P2 _cTEXL _2cc |
||
| 999 |
_c1026569 _d1026569 |
||